On the Kurzweil integral for functions with values in ordered spaces 1

Bibliographic Details
Main Author: Riečan, Beloslav, 1936-2018 (Author)
Format: Article
Language:English
PhysicalDescription:Res. slov., rus., lit. 4 zázn. v angl., nem.
Subjects:

MARC

LEADER 00000nab a2200000 a 4500
001 vtls000429688
003 SK-MaSNL
005 20260318133250.0
008 230629c1990 xo 0 eng
015 |a SNBRA19rr/mm-uuuuu 
035 |a CL0429816 
035 |a (urnnbn)urn:nbn:sk:snk:ar-0069wt 
035 |a (uuid)39edb6e5-8f53-4878-89de-50a2f38628b0 
035 |a urn:nbn:sk:snk-ab84zk 
040 |a SNKBUCL  |b slo  |c SNKBUCL  |e AACR2 
041 0 |a eng 
044 |a xo  |c SK 
080 |a 512.565:517.38  |2 1981 
080 |a 517.38  |2 1981 
100 1 |a Riečan, Beloslav,  |d 1936-2018  |4 aut  |9 222087 
245 1 0 |a On the Kurzweil integral for functions with values in ordered spaces 1  |c Beloslav Riečan 
300 |b Res. slov., rus., lit. 4 zázn. v angl., nem. 
650 0 7 |a zväzy lineárne (mat.)  |2 snkbucl  |9 1207365 
650 0 7 |a priestory usporiadané (mat.)  |2 snkbucl  |9 1207366 
650 0 7 |a funkcie (mat.)  |2 snkbucl  |9 969334 
650 0 7 |a Kurzweilov integrál  |2 snkbucl  |9 1207367 
655 7 |a články zo zborníkov  |2 snkbucl  |9 166140 
773 0 |t Acta mathematica Universitatis Comenianae 56-57  |d Bratislava : Alfa, 1990  |g S. 75-83 
850 |a Slovenská národná knižnica v Martine  |a MTA001 
852 |a SNK  |b KIS3GCP 
958 |a RK 
958 |a OND 
958 |a EUIPO 
958 |a article9 
992 |a RZB 
999 |c 2107902  |d 2109832